[Event "British Columbia-ch w"]
[Site "Richmond CAN"]
[Date "2018.01.28"]
[Round "5.2"]
[White "Gu, Stephanie"]
[Black "Jiang, Kate"]
[Result "1/2-1/2"]
[WhiteElo "1423"]
[BlackElo "1304"]
[PlyCount "80"]
[EventDate "2018.01.26"]
[EventType "tourn"]
[EventRounds "6"]
[EventCountry "CAN"]

1. e4 e5 2. Bc4 Nc6 3. Nc3 Nf6 4. d3 Bc5 5. f4 d6 6. Nf3 Ng4 7. Qe2 Nd4 8. Nxd4
Bxd4 9. f5 Nf6 10. Be3 Bxe3 11. Qxe3 c6 12. Qf3 h6 13. Bb3 Bd7 14. O-O-O Qe7
15. Kb1 O-O-O 16. Rhe1 Kb8 17. h3 g6 18. g4 h5 19. g5 Nh7 20. h4 Nf8 21. Rf1
gxf5 22. exf5 d5 23. Rde1 Qd6 24. Ne2 Bc8 25. Ng3 Nd7 26. a3 Rdg8 27. f6 Nf8
28. Nf5 Bxf5 29. Qxf5 Ng6 30. Qh3 Re8 31. Qg3 Kc7 32. Rh1 Nf4 33. Rhf1 Ng6 34.
Rh1 Nf4 35. Re3 Ng6 36. Rhe1 Kd7 37. Qh3+ Kc7 38. Qg3 Kd7 39. Rd1 Kc7 40. Rde1
Kd7 1/2-1/2

[Event "CAN-ch U20 U1800"]
[Site "Toronto CAN"]
[Date "2018.08.08"]
[Round "1.12"]
[White "Ran, Charles"]
[Black "Xiao, Edward"]
[Result "1/2-1/2"]
[WhiteElo "1679"]
[BlackElo "1488"]
[PlyCount "57"]
[EventDate "2018.08.08"]
[EventType "swiss"]
[EventRounds "9"]
[EventCountry "CAN"]

1. e4 c5 2. Nf3 d6 3. Bb5+ Bd7 4. Bxd7+ Nxd7 5. O-O Ngf6 6. Qe2 g6 7. c3 Bg7 8.
d4 e6 9. a4 O-O 10. Bf4 Qe7 11. e5 dxe5 12. dxe5 Nd5 13. Bg5 f6 14. exf6 Bxf6
15. Bh6 Bg7 16. Bxg7 Kxg7 17. Rd1 Rf7 18. c4 Nb4 19. Ne5 Nxe5 20. Qxe5+ Kg8 21.
Nc3 Raf8 22. f3 Nc2 23. Rac1 Nd4 24. Ne2 Rf5 25. Qe3 Qg5 26. f4 Nxe2+ 27. Qxe2
Qxf4 28. Qxe6+ Kh8 29. Qe2 1/2-1/2

[Event "CAN-ch U20 U1800"]
[Site "Toronto CAN"]
[Date "2018.08.08"]
[Round "1.13"]
[White "Shi, Michael"]
[Black "Wang, Eric"]
[Result "1/2-1/2"]
[WhiteElo "1486"]
[BlackElo "1677"]
[PlyCount "43"]
[EventDate "2018.08.08"]
[EventType "swiss"]
[EventRounds "9"]
[EventCountry "CAN"]

1. e4 e5 2. Nf3 Nc6 3. Bc4 Bc5 4. c3 Nf6 5. d4 exd4 6. e5 d5 7. Bb5 Ne4 8. cxd4
Bb4+ 9. Nbd2 O-O 10. O-O Bxd2 11. Bxd2 Bg4 12. Be3 f5 13. Qc1 Ne7 14. h3 Bh5
15. Bd3 Ng6 16. Bxe4 dxe4 17. Ng5 Qe7 18. Qc4+ Kh8 19. Bd2 Rae8 20. Qb4 h6 21.
Nxe4 fxe4 22. Qxb7 1/2-1/2

[Event "CAN-ch U20 U1800"]
[Site "Toronto CAN"]
[Date "2018.08.08"]
[Round "1.15"]
[White "Mugunthan, Vaamanan"]
[Black "Qin, Vincent"]
[Result "0-1"]
[WhiteElo "1455"]
[BlackElo "1644"]
[PlyCount "156"]
[EventDate "2018.08.08"]
[EventType "swiss"]
[EventRounds "9"]
[EventCountry "CAN"]

1. e4 e5 2. Nf3 Nc6 3. Bb5 a6 4. Ba4 Nf6 5. O-O Be7 6. d3 b5 7. Bb3 d6 8. h3
O-O 9. c3 Na5 10. Bc2 c5 11. Be3 Qc7 12. Nbd2 Rd8 13. a4 Bd7 14. Re1 Rac8 15.
Qe2 Nc6 16. axb5 axb5 17. Nf1 d5 18. Ng3 dxe4 19. dxe4 c4 20. Ra6 Qb7 21. Rea1
Ra8 22. Rxa8 Rxa8 23. Qd1 Rd8 24. Qc1 b4 25. Bd2 b3 26. Bd1 Qb5 27. Be2 h6 28.
Qf1 Be6 29. Be3 Na5 30. Nd2 Bc5 31. Bxc5 Qxc5 32. Nf3 Nb7 33. Rd1 Rxd1 34. Qxd1
Nd6 35. Nd2 Qc6 36. Bf3 Qa8 37. Kh2 Qa2 38. Qc1 Nb7 39. Be2 Qa4 40. Nb1 Nc5 41.
Na3 Nb7 42. Qf1 Nd6 43. Bf3 Nb5 44. Nxb5 Qxb5 45. Qa1 Qb6 46. Kg1 Qd8 47. Nf1
Nd7 48. Be2 Nc5 49. f3 Qb6 50. Kh2 Nd3 51. Bxd3 cxd3 52. Qb1 Bc4 53. Nd2 Qa6
54. Nxc4 Qxc4 55. Qd1 Kh7 56. Qd2 g5 57. Qe3 Qb5 58. Qa7 Kg6 59. Qe3 Qd7 60.
Qd2 f5 61. Kg1 Qb5 62. Kh2 f4 63. Kh1 Qa6 64. Kh2 Kf6 65. Qd1 Qb5 66. Qd2 Ke6
67. Qd1 Kd6 68. Qd2 Kc5 69. Qf2+ Kc4 70. Qd2 Qc5 71. Qd1 Qe3 72. Qa1 d2 73.
Qa4+ Kd3 74. Qxb3 Ke2 75. Qc2 Ke1 76. Qb3 d1=Q 77. Qb4 Kf2 78. c4 Qg1# 0-1

[Event "CAN-ch U20 U1800"]
[Site "Toronto CAN"]
[Date "2018.08.08"]
[Round "1.16"]
[White "Han, Jonathan"]
[Black "Wang, Andrew"]
[Result "0-1"]
[WhiteElo "1629"]
[BlackElo "1452"]
[PlyCount "114"]
[EventDate "2018.08.08"]
[EventType "swiss"]
[EventRounds "9"]
[EventCountry "CAN"]

1. e4 e5 2. Nf3 Nf6 3. Nxe5 d6 4. Nf3 Nxe4 5. d4 d5 6. Bd3 Be7 7. O-O O-O 8.
Re1 Bf5 9. c4 Nc6 10. cxd5 Qxd5 11. Nc3 Nxc3 12. bxc3 Bxd3 13. Qxd3 Rad8 14.
Qe2 Rfe8 15. Be3 Na5 16. Rab1 a6 17. Nd2 c5 18. c4 Qd7 19. d5 Qa4 20. Rbc1 b5
21. cxb5 axb5 22. Bxc5 Bxc5 23. Qxe8+ Rxe8 24. Rxe8+ Bf8 25. Rcc8 g6 26. Rxf8+
Kg7 27. Nf1 Qxa2 28. d6 Qd5 29. Rfd8 Nb7 30. Rd7 Qe6 31. Rcc7 Nxd6 32. Rd8 Qf6
33. Rcd7 Ne4 34. f3 Qb6+ 35. Rd4 Nc3 36. Kf2 b4 37. Ke1 b3 38. Nd2 Qe6+ 39. Kf2
Qe2+ 40. Kg3 Qe1+ 41. Kh3 b2 42. Rd3 b1=Q 43. Nxb1 Nxb1 44. Rd1 Qe6+ 45. Kg3
Nc3 46. R1d3 Ne2+ 47. Kf2 Nf4 48. Rd2 h5 49. R8d6 Qf5 50. R6d4 h4 51. Re4 Qg5
52. Kf1 Qb5+ 53. Kf2 Qc5+ 54. Kf1 Qc1+ 55. Rd1 Qxd1+ 56. Re1 Qd3+ 57. Kg1 Qd2
0-1

[Event "CAN-ch U20 U1800"]
[Site "Toronto CAN"]
[Date "2018.08.08"]
[Round "1.17"]
[White "Stroganov, Victor"]
[Black "Gauthier, David"]
[Result "1/2-1/2"]
[WhiteElo "1445"]
[BlackElo "1622"]
[PlyCount "101"]
[EventDate "2018.08.08"]
[EventType "swiss"]
[EventRounds "9"]
[EventCountry "CAN"]

1. e4 e5 2. Nf3 Nf6 3. Nxe5 Nc6 4. Nxc6 dxc6 5. e5 Ne4 6. d4 Be7 7. Bc4 O-O 8.
O-O b5 9. Bb3 c5 10. dxc5 Bxc5 11. Bd5 Nxf2 12. Rxf2 Be6 13. Nc3 c6 14. Bf3 Qb6
15. Qe1 Bxf2+ 16. Qxf2 Qc7 17. Nxb5 cxb5 18. Bxa8 Rxa8 19. Bf4 Rc8 20. Rd1 h6
21. Rd2 Bxa2 22. b3 Qe7 23. Rd1 Qc5 24. Rd8+ Kh7 25. Be3 Rxd8 26. Bxc5 Rd1+ 27.
Qf1 Rxf1+ 28. Kxf1 Bb1 29. Bxa7 Bxc2 30. b4 Kg6 31. Ke2 Kf5 32. Ke3 g6 33. Bd4
Ke6 34. g4 Kd5 35. Bc3 Be4 36. h4 Kc4 37. Bd2 Bd5 38. Kf4 Be6 39. g5 hxg5+ 40.
Kxg5 Kd3 41. Be1 Ke2 42. Bc3 Kd3 43. Be1 Kd4 44. Bg3 Kd5 45. h5 gxh5 46. Kxh5
Kd4 47. Kg5 Ke4 48. Kf6 Kd5 49. Kg5 Kd4 50. Kf6 Bd5 51. Ke7 1/2-1/2

[Event "CAN-ch U20 U1800"]
[Site "Toronto CAN"]
[Date "2018.08.08"]
[Round "1.18"]
[White "Lei, Yanyu"]
[Black "Xie, Austin"]
[Result "0-1"]
[WhiteElo "1427"]
[BlackElo "1590"]
[PlyCount "98"]
[EventDate "2018.08.08"]
[EventType "swiss"]
[EventRounds "9"]
[EventCountry "CAN"]

1. d4 d5 2. c4 e6 3. Nc3 Nf6 4. Bg5 Nbd7 5. e3 c6 6. Bd3 Be7 7. Nge2 dxc4 8.
Bxc4 b6 9. Qc2 Bb7 10. f3 Nd5 11. e4 Bxg5 12. exd5 exd5 13. Bd3 g6 14. f4 Bf6
15. O-O-O Nf8 16. Rhe1 Qd7 17. Ng3+ Ne6 18. f5 gxf5 19. Bxf5 O-O-O 20. Nce2 Kb8
21. Bxh7 Bg5+ 22. Kb1 f6 23. Bf5 Qd6 24. h3 Rde8 25. Nf1 Ba6 26. Nd2 Bxe2 27.
Rxe2 Nxd4 28. Rxe8+ Rxe8 29. Qd3 Nxf5 30. Qxf5 Bxd2 31. Rxd2 Re1+ 32. Kc2 Qc5+
33. Kb3 Re3+ 34. Rd3 Qc4+ 35. Ka3 Qxd3+ 36. Qxd3 Rxd3+ 37. b3 Rg3 38. h4 Rxg2
39. b4 Rh2 40. b5 c5 41. Kb3 Rxh4 42. a4 Rc4 43. a5 f5 44. a6 f4 45. Ka2 f3 46.
Kb2 f2 47. Kb3 f1=Q 48. Kb2 Qc1+ 49. Ka2 Ra4+ 0-1

[Event "CAN-ch U20 U1800"]
[Site "Toronto CAN"]
[Date "2018.08.08"]
[Round "1.19"]
[White "Srinivas, Atharva"]
[Black "Mukherjee, Pranoy"]
[Result "1-0"]
[WhiteElo "1588"]
[BlackElo "1425"]
[PlyCount "111"]
[EventDate "2018.08.08"]
[EventType "swiss"]
[EventRounds "9"]
[EventCountry "CAN"]

1. e4 e6 2. d4 d5 3. e5 c5 4. c3 Qb6 5. Nf3 Nc6 6. Be2 cxd4 7. cxd4 Nge7 8. Na3
Nf5 9. Nc2 g6 10. O-O Bg7 11. b3 O-O 12. Ba3 Re8 13. Bc5 Qc7 14. Ba3 Bf8 15.
Bxf8 Rxf8 16. Ne3 Nxe3 17. fxe3 Bd7 18. Rc1 Qb6 19. Qd2 Rac8 20. Rc3 Ne7 21.
Rxc8 Rxc8 22. Rc1 Rc6 23. Rxc6 Bxc6 24. Bd3 Bb5 25. h3 Bxd3 26. Qxd3 Qc6 27.
Qd2 Nf5 28. Kf2 Kg7 29. Nh2 h5 30. Nf3 a6 31. Ne1 h4 32. Kf3 Ng3 33. Qc2 Ne4
34. Qxc6 bxc6 35. Nd3 a5 36. b4 axb4 37. Nxb4 c5 38. dxc5 Nxc5 39. Kg4 f6 40.
exf6+ Kxf6 41. Kxh4 e5 42. Nxd5+ Ke6 43. Nc3 Kf5 44. g4+ Kf6 45. e4 g5+ 46. Kg3
Kg6 47. a4 Kh6 48. h4 gxh4+ 49. Kxh4 Kg6 50. g5 Kg7 51. Kh5 Kh7 52. g6+ Kg8 53.
Kg5 Kg7 54. Kf5 Nb3 55. Nd5 Nc5 56. a5 1-0

[Event "CAN-ch U20 U1800"]
[Site "Toronto CAN"]
[Date "2018.08.08"]
[Round "1.20"]
[White "Yang, Henry"]
[Black "Cao, Bruce"]
[Result "1/2-1/2"]
[WhiteElo "1419"]
[BlackElo "1582"]
[PlyCount "98"]
[EventDate "2018.08.08"]
[EventType "swiss"]
[EventRounds "9"]
[EventCountry "CAN"]

1. d4 Nf6 2. c4 g6 3. Nc3 Bg7 4. Nf3 d6 5. e3 O-O 6. Be2 c5 7. O-O e6 8. b3 Nc6
9. Bb2 b6 10. a3 Bb7 11. Qc2 Qe7 12. Rfd1 Rfd8 13. Rd2 Rd7 14. Rad1 Rad8 15.
dxc5 dxc5 16. Rxd7 Rxd7 17. Rxd7 Qxd7 18. Kf1 Ne8 19. Ke1 Nd6 20. Qd2 Qc7 21.
Nb5 Nxb5 22. cxb5 Ne7 23. Bxg7 Kxg7 24. h3 f6 25. Kd1 Kf7 26. Qc3 Qd6+ 27. Qd2
Nd5 28. Kc1 Ke7 29. Bc4 Nc7 30. Qxd6+ Kxd6 31. Kd2 e5 32. Bg8 h6 33. Bf7 g5 34.
a4 Ne6 35. Kc3 f5 36. Ne1 e4 37. Bxe6 Kxe6 38. g3 Bd5 39. Nc2 Ke5 40. Na3 f4
41. Nc4+ Bxc4 42. Kxc4 fxg3 43. fxg3 h5 44. Kc3 Kd5 45. Kc2 g4 46. h4 c4 47. b4
Kd6 48. Kd2 Ke5 49. Kc3 Kd5 1/2-1/2

[Event "CAN-ch U20 U1800"]
[Site "Toronto CAN"]
[Date "2018.08.08"]
[Round "1.21"]
[White "Ramesh, Sanjay"]
[Black "Chakkoli, Anirud"]
[Result "0-1"]
[WhiteElo "1578"]
[BlackElo "1416"]
[PlyCount "64"]
[EventDate "2018.08.08"]
[EventType "swiss"]
[EventRounds "9"]
[EventCountry "CAN"]

1. d4 Nf6 2. c4 e6 3. Nc3 c5 4. d5 exd5 5. cxd5 d6 6. e4 g6 7. Bf4 Bg7 8. Bb5+
Nfd7 9. Bxd6 a6 10. Bxd7+ Nxd7 11. Qc2 Qb6 12. Bf4 O-O 13. Nge2 Re8 14. f3 c4
15. Na4 Qd8 16. O-O b5 17. Nac3 Nc5 18. Nc1 Bd4+ 19. Kh1 f5 20. Re1 fxe4 21.
fxe4 Rf8 22. N3e2 Bg7 23. Be3 Qd6 24. Bxc5 Qxc5 25. a4 Qf2 26. Na2 Be5 27. Rac1
Bg4 28. Ng1 Qh4 29. g3 Bxg3 30. Re2 Bxe2 31. Qxe2 Rf2 32. Nf3 Qh3 0-1

[Event "CAN-ch U20 U1800"]
[Site "Toronto CAN"]
[Date "2018.08.08"]
[Round "1.22"]
[White "Locham, Divjot"]
[Black "Hua, Michelle"]
[Result "1/2-1/2"]
[WhiteElo "1373"]
[BlackElo "1569"]
[PlyCount "73"]
[EventDate "2018.08.08"]
[EventType "swiss"]
[EventRounds "9"]
[EventCountry "CAN"]

1. e4 c5 2. Nf3 d6 3. Bb5+ Bd7 4. Bxd7+ Qxd7 5. O-O Nf6 6. Re1 g6 7. c3 Bg7 8.
d4 cxd4 9. cxd4 O-O 10. Nc3 Nc6 11. Be3 Rfc8 12. e5 dxe5 13. dxe5 Qxd1 14.
Raxd1 Ng4 15. Bf4 Rd8 16. e6 fxe6 17. Rxe6 Rxd1+ 18. Nxd1 Rd8 19. Re1 Rd7 20.
h3 Nf6 21. Nc3 h6 22. Rd1 Rxd1+ 23. Nxd1 Nd5 24. Bd2 Kf7 25. Kf1 e5 26. Nc3
Nxc3 27. Bxc3 Ke6 28. Nd2 Kd5 29. Ke2 b5 30. b3 Nd4+ 31. Kd3 Ne6 32. g3 Bf8 33.
Ne4 Nc5+ 34. Nxc5 Bxc5 35. f3 g5 36. g4 Bd4 37. Bd2 1/2-1/2

[Event "CAN-ch U20 U1800"]
[Site "Toronto CAN"]
[Date "2018.08.08"]
[Round "1.23"]
[White "Li, Wing"]
[Black "Yang, Brett"]
[Result "0-1"]
[WhiteElo "1569"]
[BlackElo "1316"]
[PlyCount "54"]
[EventDate "2018.08.08"]
[EventType "swiss"]
[EventRounds "9"]
[EventCountry "CAN"]

1. d4 Nf6 2. c4 e6 3. g3 g6 4. Bg2 Bg7 5. Nf3 O-O 6. O-O d5 7. Qc2 Nc6 8. Bf4
Re8 9. Rd1 Bd7 10. Ne5 Nxe5 11. Bxe5 c6 12. Qb3 b6 13. Nc3 Rc8 14. Rac1 Qe7 15.
cxd5 exd5 16. e3 Bh6 17. Nb1 Ng4 18. Qa4 Ra8 19. Bc7 Rec8 20. h3 Nxf2 21. Bf4
Bxf4 22. exf4 Nxd1 23. Rxd1 Bf5 24. Nc3 Be4 25. Re1 f5 26. Bf1 a5 27. Qb3 Qb4
0-1

[Event "CAN-ch U20 U1800"]
[Site "Toronto CAN"]
[Date "2018.08.08"]
[Round "1.24"]
[White "Leblanc, Miguel"]
[Black "Liu, Henry"]
[Result "1/2-1/2"]
[WhiteElo "1290"]
[BlackElo "1542"]
[PlyCount "40"]
[EventDate "2018.08.08"]
[EventType "swiss"]
[EventRounds "9"]
[EventCountry "CAN"]

1. e4 e6 2. d4 d5 3. exd5 exd5 4. Bd3 Nc6 5. c3 Bd6 6. Ne2 Nge7 7. Bf4 Bf5 8.
Bxf5 Nxf5 9. Qb3 Bxf4 10. Nxf4 Qd6 11. g3 O-O-O 12. O-O g5 13. Qc2 Nfxd4 14.
cxd4 gxf4 15. Qf5+ Kb8 16. Qxf7 Rdf8 17. Qh5 Rhg8 18. Nc3 Nxd4 19. Rad1 c5 20.
Qxd5 Qxd5 1/2-1/2

[Event "CAN-ch U20 U1800"]
[Site "Toronto CAN"]
[Date "2018.08.08"]
[Round "1.25"]
[White "Jeyakumar, Bhavatharshan"]
[Black "Chen, Richard"]
[Result "1/2-1/2"]
[WhiteElo "1532"]
[BlackElo "1271"]
[PlyCount "102"]
[EventDate "2018.08.08"]
[EventType "swiss"]
[EventRounds "9"]
[EventCountry "CAN"]

1. e4 d6 2. d4 Nf6 3. Nc3 g6 4. f4 Bg7 5. Nf3 O-O 6. Bd3 Bg4 7. h3 Bxf3 8. Qxf3
Nc6 9. Ne2 Nb4 10. O-O Nxd3 11. cxd3 Nd7 12. e5 dxe5 13. dxe5 c6 14. d4 Nb6 15.
Qg3 e6 16. f5 exf5 17. Rxf5 Qe7 18. Rf3 c5 19. Bg5 f6 20. exf6 Qxe2 21. fxg7
Rxf3 22. Qxf3 Qxf3 23. gxf3 cxd4 24. Bh6 Nc4 25. Rd1 Nd6 26. Bf4 Nf5 27. Be5
Rd8 28. Rd3 Rd5 29. f4 Nxg7 30. Rxd4 Rxd4 31. Bxd4 Ne6 32. Bxa7 Nxf4 33. Kh2
Kf7 34. Kg3 Nd3 35. Bd4 Ke6 36. Kf3 Ne5+ 37. Kf4 g5+ 38. Ke4 Nc6 39. Be3 h6 40.
h4 gxh4 41. Bxh6 Ne5 42. Bg7 Ng4 43. Kf3 h3 44. Kg3 h2 45. Kg2 Kd5 46. Bc3 Kc4
47. Bg7 b5 48. a3 b4 49. axb4 Kxb4 50. Bh8 Kb3 51. Bg7 Kb4 1/2-1/2

[Event "CAN-ch U20 U1800"]
[Site "Toronto CAN"]
[Date "2018.08.08"]
[Round "1.26"]
[White "Lee, Ethan"]
[Black "Han, Kevin"]
[Result "1/2-1/2"]
[WhiteElo "1121"]
[BlackElo "1081"]
[PlyCount "48"]
[EventDate "2018.08.08"]
[EventType "swiss"]
[EventRounds "9"]
[EventCountry "CAN"]

1. e4 e5 2. Nf3 Nc6 3. Bb5 a6 4. Ba4 b5 5. Bb3 Nf6 6. Nc3 Bc5 7. Nxe5 Nxe5 8.
d4 Bd6 9. dxe5 Bxe5 10. f4 Bxc3+ 11. bxc3 Nxe4 12. O-O Bb7 13. Bd5 Bxd5 14.
Qxd5 Nf6 15. Re1+ Kf8 16. Ba3+ d6 17. Qc6 h5 18. Re3 Kg8 19. Rae1 Kh7 20. f5
Re8 21. Bc1 Re5 22. Rxe5 dxe5 23. Qf3 e4 24. Qh3 Qd5 1/2-1/2

[Event "CAN-ch U20 U1800"]
[Site "Toronto CAN"]
[Date "2018.08.08"]
[Round "2.13"]
[White "Wang, Andrew"]
[Black "Zhu, Matthew"]
[Result "1/2-1/2"]
[WhiteElo "1452"]
[BlackElo "1664"]
[PlyCount "31"]
[EventDate "2018.08.08"]
[EventType "swiss"]
[EventRounds "9"]
[EventCountry "CAN"]

1. e4 c5 2. Nc3 Nc6 3. f4 d6 4. Bb5 Bd7 5. Nf3 a6 6. Bxc6 Bxc6 7. O-O Nf6 8. d3
e6 9. Qe1 Be7 10. Qg3 O-O 11. f5 exf5 12. exf5 Nh5 13. Qg4 Nf6 14. Qg3 Nh5 15.
Qg4 Nf6 16. Qg3 1/2-1/2

[Event "CAN-ch U20 U1800"]
[Site "Toronto CAN"]
[Date "2018.08.09"]
[Round "2.14"]
[White "Qin, Vincent"]
[Black "Srinivas, Atharva"]
[Result "0-1"]
[WhiteElo "1644"]
[BlackElo "1588"]
[PlyCount "112"]
[EventDate "2018.08.08"]
[EventType "swiss"]
[EventRounds "9"]
[EventCountry "CAN"]

1. e4 e5 2. Nf3 Nc6 3. Bc4 Bc5 4. c3 Nf6 5. d3 h6 6. O-O O-O 7. Nbd2 d6 8. Bb3
Be6 9. Bc2 Bb6 10. h3 d5 11. Re1 dxe4 12. Nxe4 Nxe4 13. Rxe4 f5 14. Re2 e4 15.
dxe4 Qxd1+ 16. Bxd1 Bc4 17. Re1 fxe4 18. Rxe4 Rad8 19. Be3 Bd5 20. Rg4 Bxe3 21.
fxe3 Rde8 22. Kf2 Ne5 23. Rd4 Bxf3 24. Bxf3 c5 25. Rd5 c4 26. Rb5 Nd3+ 27. Ke2
b6 28. Bd5+ Kh8 29. Bf3 Nf4+ 30. Kd2 Nxg2 31. Rg1 Rxf3 32. Rxg2 Rexe3 33. h4
Rd3+ 34. Kc2 Rh3 35. Re5 Rdg3 36. Rxg3 Rxg3 37. Re4 b5 38. a4 a6 39. axb5 axb5
40. Re5 Rg4 41. h5 Rg5 42. Rxg5 hxg5 43. Kd2 Kh7 44. Ke3 Kh6 45. Kf3 Kxh5 46.
Kg3 g4 47. Kg2 Kg5 48. Kg3 Kf5 49. Kf2 Kf4 50. Kg2 g3 51. Kf1 Kf3 52. Kg1 g5
53. Kf1 g2+ 54. Kg1 Kg3 55. b4 cxb3 56. c4 b2 0-1

[Event "CAN-ch U20 U1800"]
[Site "Toronto CAN"]
[Date "2018.08.09"]
[Round "2.15"]
[White "Chakkoli, Anirud"]
[Black "Ahmed, Syed Ibrahim"]
[Result "0-1"]
[WhiteElo "1416"]
[BlackElo "1608"]
[PlyCount "96"]
[EventDate "2018.08.08"]
[EventType "swiss"]
[EventRounds "9"]
[EventCountry "CAN"]

1. e4 c5 2. Nf3 Nc6 3. d4 cxd4 4. Nxd4 Nf6 5. Nc3 e5 6. Ndb5 d6 7. Bg5 a6 8.
Na3 b5 9. Nd5 Be7 10. Bxf6 Bxf6 11. c3 O-O 12. Nc2 g6 13. Nce3 Bg5 14. Ng4 f5
15. Nge3 f4 16. Ng4 h5 17. h4 Bxg4 18. f3 Bxh4+ 19. Kd2 Be6 20. Kc2 Kg7 21. Be2
Rc8 22. Kb1 Bg3 23. Qd2 Bxd5 24. Qxd5 Qc7 25. Rc1 Rfd8 26. a3 Qf7 27. Qxf7+
Kxf7 28. Rd1 Ne7 29. Ka2 d5 30. exd5 Rxd5 31. Rac1 Rxd1 32. Rxd1 Ke6 33. Rd3
Bf2 34. Bd1 Rc6 35. Bb3+ Kf6 36. Rd8 Kg5 37. Rd7 Bc5 38. Bc2 Kf6 39. Rd1 Rd6
40. Re1 Rd2 41. Be4 Nd5 42. Kb1 Ne3 43. Kc1 Rxg2 44. Rh1 Nc4 45. Bb7 Be3+ 46.
Kd1 Rd2+ 47. Ke1 Bf2+ 48. Kf1 Ne3# 0-1

[Event "CAN-ch U20 U1800"]
[Site "Toronto CAN"]
[Date "2018.08.09"]
[Round "2.16"]
[White "Xie, Austin"]
[Black "Mao, Fengxi"]
[Result "0-1"]
[WhiteElo "1590"]
[BlackElo "1522"]
[PlyCount "100"]
[EventDate "2018.08.08"]
[EventType "swiss"]
[EventRounds "9"]
[EventCountry "CAN"]

1. e4 e5 2. Nf3 Nc6 3. Bc4 Nf6 4. d3 Bc5 5. c3 O-O 6. Bg5 h6 7. Bh4 Be7 8. Nbd2
d6 9. h3 Nh5 10. Nxe5 Bxh4 11. Nxc6 Bxf2+ 12. Kxf2 Qh4+ 13. Kg1 bxc6 14. Nf3
Qg3 15. Qe1 Be6 16. Bxe6 fxe6 17. Qxg3 Nxg3 18. Rh2 Rab8 19. Kf2 Nh5 20. b3 a5
21. Ke3 a4 22. b4 a3 23. Nd4 Ng3 24. Nf3 c5 25. bxc5 Rb2 26. cxd6 cxd6 27. Nd2
h5 28. h4 Rxd2 29. Kxd2 Rf2+ 30. Ke3 Rf1 31. Re1 Rxe1+ 32. Kf2 Re2+ 33. Kxg3
Rxa2 34. Rh1 Rd2 35. d4 Rd3+ 36. Kf4 Rxc3 37. Ra1 Kf7 38. g4 hxg4 39. Kxg4 Rd3
40. Kf4 Rxd4 41. Rxa3 d5 42. Ra7+ Kf6 43. Ra8 Rxe4+ 44. Kg3 d4 45. Ra4 e5 46.
Ra6+ Kf5 47. Ra7 d3 48. Rxg7 d2 49. Rf7+ Ke6 50. Rf1 Re1 0-1

[Event "CAN-ch U20 U1800"]
[Site "Toronto CAN"]
[Date "2018.08.09"]
[Round "2.17"]
[White "Zhu, Matthew"]
[Black "Yang, Brett"]
[Result "0-1"]
[WhiteElo "1664"]
[BlackElo "1316"]
[PlyCount "62"]
[EventDate "2018.08.08"]
[EventType "swiss"]
[EventRounds "9"]
[EventCountry "CAN"]

1. e4 e6 2. d4 d5 3. Nd2 Nf6 4. e5 Nfd7 5. Bd3 c5 6. c3 Nc6 7. Ne2 cxd4 8. cxd4
f6 9. exf6 Nxf6 10. Nf3 Bd7 11. O-O Rc8 12. a3 Na5 13. Ne5 Bd6 14. Bg5 O-O 15.
b4 Nc6 16. f4 Be7 17. Nxd7 Nxd7 18. Bxe7 Nxe7 19. Qb3 Nf5 20. Bxf5 Rxf5 21. Ng3
Rf7 22. Rae1 Qf6 23. Ne2 Nb6 24. Kh1 Nc4 25. Rd1 Rfc7 26. Ng1 Nd6 27. Nh3 Ne4
28. Ng1 Rc3 29. Qa4 Rc2 30. Nh3 Qg6 31. Rg1 Nc3 0-1

[Event "CAN-ch U20 U1800"]
[Site "Toronto CAN"]
[Date "2018.08.09"]
[Round "2.18"]
[White "Zhou, Joey"]
[Black "Gao, Lucy"]
[Result "1-0"]
[WhiteElo "1692"]
[BlackElo "1509"]
[PlyCount "87"]
[EventDate "2018.08.08"]
[EventType "swiss"]
[EventRounds "9"]
[EventCountry "CAN"]

1. d4 Nf6 2. Nf3 e6 3. Bf4 b6 4. e3 Bb7 5. Bd3 d6 6. h3 Nbd7 7. c4 Qe7 8. Bc2
e5 9. Bh2 g6 10. O-O Bg7 11. Nc3 O-O 12. Re1 Ne8 13. e4 Qf6 14. Nd5 Qd8 15. g4
c6 16. Nc3 exd4 17. Nxd4 Ne5 18. Qe2 Qh4 19. Kg2 Nxg4 20. Nf3 Qh5 21. hxg4
Qxg4+ 22. Bg3 Nf6 23. Nh2 Qxe2 24. Rxe2 Rad8 25. Rd1 Ba6 26. Red2 Bxc4 27. Rxd6
Rxd6 28. Rxd6 c5 29. b3 Ba6 30. Nd5 Nxd5 31. Rxd5 Bc8 32. Be5 f6 33. Bc3 Be6
34. Rd6 Kf7 35. Nf1 Ke7 36. Rd1 Rd8 37. Rxd8 Kxd8 38. Ne3 Ke7 39. Bd3 h5 40.
Bc4 Bxc4 41. bxc4 Kf7 42. Nd5 Ke6 43. a4 g5 44. Kg3 1-0

[Event "CAN-ch U20 U1800"]
[Site "Toronto CAN"]
[Date "2018.08.09"]
[Round "2.19"]
[White "Wu, Ingrid"]
[Black "Ran, Charles"]
[Result "0-1"]
[WhiteElo "1374"]
[BlackElo "1679"]
[PlyCount "84"]
[EventDate "2018.08.08"]
[EventType "swiss"]
[EventRounds "9"]
[EventCountry "CAN"]

1. e4 e5 2. Nf3 Nc6 3. Bc4 Nf6 4. d3 Bc5 5. c3 d6 6. Be3 Bb6 7. Nbd2 Ne7 8. d4
exd4 9. cxd4 c6 10. Bb3 Ba5 11. Bc2 Bg4 12. O-O Bxd2 13. Bxd2 d5 14. e5 Ne4 15.
Bb4 Ng5 16. Kh1 Bxf3 17. gxf3 Nh3 18. Qe2 Ng6 19. Bf5 Nhf4 20. Qe3 Qg5 21. Bg4
h5 22. Rg1 hxg4 23. fxg4 Qh6 24. Qg3 Ne2 25. Qg2 Ngf4 26. Bd2 Qh7 27. Bxf4 Nxf4
28. Qg3 Ne2 29. Qg2 Nxg1 30. Qxg1 Qe4+ 31. Qg2 Qxg2+ 32. Kxg2 O-O-O 33. f4 Rh4
34. Kg3 Rdh8 35. Rh1 Rh3+ 36. Kg2 Rd3 37. f5 Rxd4 38. Kg3 Rd2 39. g5 Rxb2 40.
h4 Re2 41. Kf4 Re4+ 42. Kg3 Rxe5 0-1

[Event "CAN-ch U20 U1800"]
[Site "Toronto CAN"]
[Date "2018.08.09"]
[Round "2.20"]
[White "Wang, Eric"]
[Black "Stroganov, Victor"]
[Result "1-0"]
[WhiteElo "1677"]
[BlackElo "1445"]
[PlyCount "61"]
[EventDate "2018.08.08"]
[EventType "swiss"]
[EventRounds "9"]
[EventCountry "CAN"]

1. c4 e5 2. Nc3 Nf6 3. Nf3 Nc6 4. d4 exd4 5. Nxd4 Bc5 6. Nxc6 dxc6 7. Qxd8+
Kxd8 8. Bg5 Be7 9. O-O-O+ Ke8 10. f3 Be6 11. e4 Rd8 12. Be2 Nh5 13. Be3 Bf6 14.
Kc2 g5 15. g3 h6 16. f4 Ng7 17. f5 Bc8 18. Rxd8+ Kxd8 19. Rd1+ Bd7 20. Bxa7 b6
21. c5 b5 22. Nxb5 Kc8 23. Nxc7 Kxc7 24. Bb6+ Kc8 25. Ba6+ Kb8 26. Rxd7 Rf8 27.
Rb7+ Ka8 28. Ra7+ Kb8 29. Bb7 Bd8 30. Bxc6 Ne8 31. Ra8# 1-0

[Event "CAN-ch U20 U1800"]
[Site "Toronto CAN"]
[Date "2018.08.09"]
[Round "2.21"]
[White "Xiao, Edward"]
[Black "Yuen, Noah"]
[Result "1/2-1/2"]
[WhiteElo "1488"]
[BlackElo "1675"]
[PlyCount "112"]
[EventDate "2018.08.08"]
[EventType "swiss"]
[EventRounds "9"]
[EventCountry "CAN"]

1. d4 d5 2. c4 e6 3. e3 Nf6 4. Nc3 Be7 5. Bd3 O-O 6. Nf3 dxc4 7. Bxc4 c5 8. O-O
cxd4 9. exd4 Nd5 10. Bxd5 exd5 11. Qb3 Bd6 12. Qxd5 Nc6 13. Qc4 Bb4 14. a3 Bxc3
15. Qxc3 Be6 16. Be3 Rc8 17. Qd2 Qa5 18. Rac1 Qxd2 19. Nxd2 Rcd8 20. Nf3 Bg4
21. Ne5 Nxe5 22. dxe5 a6 23. f3 Bd7 24. Bc5 Rfe8 25. Bd6 Bc6 26. Rfd1 Re6 27.
f4 f5 28. Bc7 Rxd1+ 29. Rxd1 Kf7 30. g3 Ba4 31. Rd6 Bc6 32. Kf2 Rxd6 33. Bxd6
h5 34. Ke3 Ke6 35. Kd4 Bh1 36. Kc5 Bg2 37. Kb6 g6 38. Kc7 Bh1 39. Kd8 Bc6 40.
b3 Bd7 41. a4 Bc6 42. Kc7 Bd5 43. b4 Bc6 44. a5 Bd5 45. Kb6 Be4 46. Kc7 Bd5 47.
Kd8 Bc6 48. Bb8 Bb5 49. Ba7 Bc6 50. Kc7 Bd5 51. Kb6 Be4 52. Bb8 Bd5 53. Kc5 Be4
54. Bd6 Bf3 55. Kb6 Be4 56. Bc7 Bf3 1/2-1/2

[Event "CAN-ch U20 U1800"]
[Site "Toronto CAN"]
[Date "2018.08.09"]
[Round "2.22"]
[White "Xiang, Christopher"]
[Black "Shi, Michael"]
[Result "1/2-1/2"]
[WhiteElo "1640"]
[BlackElo "1486"]
[PlyCount "76"]
[EventDate "2018.08.08"]
[EventType "swiss"]
[EventRounds "9"]
[EventCountry "CAN"]

1. e4 e5 2. Nf3 Nc6 3. d4 exd4 4. Nxd4 Bc5 5. Nxc6 bxc6 6. Bd3 d6 7. O-O Nf6 8.
Nc3 O-O 9. Bg5 Be6 10. Qf3 h6 11. Bxf6 Qxf6 12. Qxf6 gxf6 13. Na4 Bb6 14. Nxb6
axb6 15. a3 d5 16. Rad1 Rfd8 17. Rfe1 Ra4 18. exd5 Rxd5 19. Be2 Rad4 20. Rxd4
Rxd4 21. Bd3 c5 22. Re4 f5 23. Rxd4 cxd4 24. f4 Kg7 25. b4 Bd7 26. Kf2 Kf6 27.
Kg3 Bc6 28. Kh3 b5 29. g3 Be4 30. Kh4 Bxd3 31. cxd3 Kg6 32. h3 h5 33. g4 hxg4
34. hxg4 fxg4 35. Kxg4 f5+ 36. Kh4 Kh6 37. Kg3 Kh5 38. Kh3 c6 1/2-1/2